Educational research : (Record no. 98995)

MARC details
000 -LEADER
fixed length control field 00953nam a22002777a 4500
003 - CONTROL NUMBER IDENTIFIER
control field URS
005 - DATE AND TIME OF LATEST TRANSACTION
control field 20260311082512.0
008 - FIXED-LENGTH DATA ELEMENTS--GENERAL INFORMATION
fixed length control field 260311b |||||||| |||| 00| 0 eng d
020 ## - INTERNATIONAL STANDARD BOOK NUMBER
International Standard Book Number 9781292106175
040 ## - CATALOGING SOURCE
Original cataloging agency DLC
Language of cataloging eng
Transcribing agency DLC
Modifying agency URS
Description conventions rda
050 ## - LIBRARY OF CONGRESS CALL NUMBER
Classification number LB 1028
Item number .M624 2016
100 ## - MAIN ENTRY--PERSONAL NAME
Personal name Mills, Geoffrey E.
245 ## - TITLE STATEMENT
Title Educational research :
Remainder of title competencies for analysis and applications/
Statement of responsibility, etc. Geoffrey E. Mills and L. R. Gay.-
250 ## - EDITION STATEMENT
Edition statement eleventh edition-
264 ## - PRODUCTION, PUBLICATION, DISTRIBUTION, MANUFACTURE, AND COPYRIGHT NOTICE
Place of production, publication, distribution, manufacture Boston:
Name of producer, publisher, distributor, manufacturer Pearson,
Date of production, publication, distribution, manufacture, or copyright notice 2016.
300 ## - PHYSICAL DESCRIPTION
Extent 697 pages:
Other physical details illustrations;
Dimensions 26 centimeters.
336 ## - CONTENT TYPE
Source rdacontent
Content type term text
Content type code txt
337 ## - MEDIA TYPE
Source rdamedia
Media type term unmediated
Media type code n
338 ## - CARRIER TYPE
Source rdacarrier
Carrier type term volume
Carrier type code nc
500 ## - GENERAL NOTE
General note Include appendices, glossary and index.
504 ## - BIBLIOGRAPHY, ETC. NOTE
Bibliography, etc. note Includes references and notes.
650 ## - SUBJECT ADDED ENTRY--TOPICAL TERM
Source of heading or term Educational research
650 ## - SUBJECT ADDED ENTRY--TOPICAL TERM
Source of heading or term Research in Education
700 ## - ADDED ENTRY--PERSONAL NAME
Relator code Gay, L. R.
942 ## - ADDED ENTRY ELEMENTS (KOHA)
Source of classification or shelving scheme Library of Congress Classification
Koha item type Foreign Books
Edition eleventh edition
Classification part LB 1028
Item part .M624 2016
Holdings
Withdrawn status Source of classification or shelving scheme Damaged status Not for loan Home library Current library Shelving location Date acquired Total Checkouts Full call number Barcode Date last seen Price effective from Koha item type
  Library of Congress Classification     Angono College Library Angono College Library Foreign Section 03/11/2026   LB 1028 .M624 2016 URSANG-5734 03/11/2026 03/11/2026 Foreign Books

University of Rizal System
Email us at univlibservices@urs.edu.ph

Visit our Website www.urs.edu.ph/library